000
00198 a2200097 4500
001
24242
100
_a
Jordan, D.P
245
_a
Air tables
260
_a
_b
McGraw-Hill
_c
1965
090
_c
16431
_d
16431
942
_a
NUST-CAE
_c
M
_c
7149
999
_c
259315
_d
259315